LEADER 01290nam a2200253 i 4500 001 000000152309 003 CaOOAMICUS 005 20060802000000.0 008 060802s2006 it u000 u ita u 013 $a129650 040 $aSeMil$bita 100 1 $aMongillo, Dalmazio,$c.$0(OLS)http://semarc/name/23512 245 13$aLa dimensione etico-teologica nella Summa Theologiae di Tommaso d'Aquino :$bIspirazione, fondazione, articolazione /$cDalmazio Mongillo ; a cura di Giancarlo Binotti ... [et al.]. 250 $a1. ed. 260 $aRoma :$bAngelicum University Press,$c2006. 300 $a210 p., [1] fotografia ;$c24 cm. 600 04$aTommaso : d'Aquino .$0(OLS)http://semarc/subject/115 650 4$aMongillo, Dalmazio <1928-2005> - Antologia.$0(OLS)http://semarc/subject/29745 700 1 $aBinotti, Giancarlo.$0(OLS)http://semarc/name/59767 850 $aSeMil 852 $aSeMil$W1$xVenegono$y1$m2N IV 55$j104268$B104268$CSeMilBibl$Z2$F113416 $81 961 $aOmaggio: Scuola Cattolica 996 $6245$aLa dimensione etico-teologica nella Summa Theologiae di Tommaso d'Aquino :$bIspirazione, fondazione, articolazione$9(OLS)http://semarc/title/222685 996 $6260$aRoma :$bAngelicum University Press$9(OLS)http://semarc/publisher/34211 LEADER 00811nam a2200193 4500 001 000000341170 003 CaOOAMICUS 005 20200720112333.0 008 200720s1885 it a 000 u ita r 040 $aSeMil$bita 245 00$aAllegato al Vol. 7: Le Americhe, l'Oceania e le Regioni Polari. 264 1$aMilano [etc.] :$bFrancesco Vallardi,$c[1885] 300 $a[28] carte di tav. ;$c27 cm 773 0 $tTerra.$dMilano [etc.] : Francesco Vallardi, [1885]$g7a$w()341151 850 $aSeMil 852 $aSeMil$W1$xVenegono$y1$m3XG VI 15 FA$j219939$B232160$CSeMilBibl$Z2$F232160 $8I 996 $6245$aAllegato al Vol. 7: Le Americhe, l'Oceania e le Regioni Polari$9(OLS)http://semarc/title/430224 996 $6264$aMilano [etc.] :$bFrancesco Vallardi$9(OLS)http://semarc/publisher/36386